000 00257nam a2200097Ia 4500
001 642522
005 20250826153528.0
008 250824s9999 xx 000 0 und d
245 0 _aVENEDİK TACİRİ ANTİK
_cSHAKESPEARE
260 _bANTİK DÜNYA KLASİKLERİ
999 _c642522
_d642522